The Odyssey / (Record no. 1224)

000 -LEADER
fixed length control field 01209nam a22003377a 4500
001 - CONTROL NUMBER
control field 3997617
003 - CONTROL NUMBER IDENTIFIER
control field OSt
005 - DATE AND TIME OF LATEST TRANSACTION
control field 20210426111727.0
008 - FIXED-LENGTH DATA ELEMENTS--GENERAL INFORMATION
fixed length control field 960411s1996 nyu b 000 0 eng
010 ## - LIBRARY OF CONGRESS CONTROL NUMBER
LC control number 96017280
020 ## - INTERNATIONAL STANDARD BOOK NUMBER
International Standard Book Number 0670821624 (alk. paper)
040 ## - CATALOGING SOURCE
Original cataloging agency DLC
Transcribing agency DLC
Modifying agency DLC
Language of cataloging eng
041 1# - LANGUAGE CODE
Language code of text/sound track or separate title eng
Language code of original grc
050 00 - LIBRARY OF CONGRESS CALL NUMBER
Classification number PA4025.A5
Item number F34 1996
080 ## - UNIVERSAL DECIMAL CLASSIFICATION NUMBER
Universal Decimal Classification number 821.111
Item number H-76
082 00 - DEWEY DECIMAL CLASSIFICATION NUMBER
Classification number 883/.01
Edition number 20
100 0# - MAIN ENTRY--PERSONAL NAME
Personal name Homer.
240 10 - UNIFORM TITLE
Uniform title Odyssey.
Language of a work English
245 14 - TITLE STATEMENT
Title The Odyssey /
Statement of responsibility, etc. Homer ; translated by Robert Fagles ; introduction and notes by Bernard Knox.
Remainder of title / by: Viking
260 ## - PUBLICATION, DISTRIBUTION, ETC.
Place of publication, distribution, etc. New York
Name of publisher, distributor, etc. Viking
Date of publication, distribution, etc. c1996.
300 ## - PHYSICAL DESCRIPTION
Extent x, 541 p. ill.
Dimensions 24 cm.
504 ## - BIBLIOGRAPHY, ETC. NOTE
Bibliography, etc. note Includes bibliographical references.
600 00 - SUBJECT ADDED ENTRY--PERSONAL NAME
Personal name Odysseus,
Titles and other words associated with a name King of Ithaca (Mythological character)
Form subdivision Poetry.
650 #0 - SUBJECT ADDED ENTRY--TOPICAL TERM
Topical term or geographic name entry element Epic poetry, Greek
General subdivision Translations into English.
650 #0 - SUBJECT ADDED ENTRY--TOPICAL TERM
Topical term or geographic name entry element English literature
9 (RLIN) 254
653 ## - INDEX TERM--UNCONTROLLED
Uncontrolled term ინგლისური ლიტერატურა
700 1# - ADDED ENTRY--PERSONAL NAME
Personal name Fagles, Robert.
Relator term Translator
906 ## - LOCAL DATA ELEMENT F, LDF (RLIN)
a 7
b cbc
c orignew
d 1
e ocip
f 19
g y-gencatlg
942 ## - ADDED ENTRY ELEMENTS (KOHA)
Source of classification or shelving scheme
Koha item type Books
Holdings
Withdrawn status Lost status Source of classification or shelving scheme Damaged status Not for loan Permanent location Current location Date acquired Inventory number Total Checkouts Full call number Barcode Date last seen Price effective from Koha item type
          Ken Walker International University Ken Walker International University 02/04/2021 1362   821.111 H-76 1362 02/04/2021 02/04/2021 Books

Powered by Koha